Online katalóg knižníc regiónu Turca

Malé líšky : (Record no. 20945)

MARC details
000 -LEADER
fixed length control field 00671nam a22002291 4500
001 - CONTROL NUMBER
control field 20945
003 - CONTROL NUMBER IDENTIFIER
control field CZ PrNK
005 - DATE AND TIME OF LATEST TRANSACTION
control field 20260207111546.0
008 - FIXED-LENGTH DATA ELEMENTS--GENERAL INFORMATION
fixed length control field 011223s1950 xo ||| | slo
040 ## - CATALOGING SOURCE
Original cataloging agency ABA001
Language of cataloging cze
Transcribing agency ABA001
Modifying agency ABA001
041 1# - LANGUAGE CODE
Language code of text/sound track or separate title slo
Language code of original eng
100 1# - MAIN ENTRY--PERSONAL NAME
Personal name Hellman, Lillian,
Dates associated with a name 1905-1984
Relationship aut
245 10 - TITLE STATEMENT
Title Malé líšky :
Remainder of title hra v 3 dejstvách /
Statement of responsibility, etc. Lilian Hellman ; preložili Vladimír Vendyš a František Oktavec
250 ## - EDITION STATEMENT
Edition statement 1. vyd.
260 ## - PUBLICATION, DISTRIBUTION, ETC.
Place of publication, distribution, etc. Turč. Sv. Martin :
Name of publisher, distributor, etc. Matica slovenská,
Date of publication, distribution, etc. 1950
300 ## - PHYSICAL DESCRIPTION
Extent 121 s. ;
Dimensions
490 1# - SERIES STATEMENT
Series statement Javisko ;
Volume/sequential designation sv. 28
765 0# - ORIGINAL LANGUAGE ENTRY
Title Little foxes
830 #0 - SERIES ADDED ENTRY--UNIFORM TITLE
Uniform title Javisko
910 ## - USER-OPTION DATA (OCLC)
User-option data ABA001
942 ## - ADDED ENTRY ELEMENTS (KOHA)
Source of classification or shelving scheme Dewey Decimal Classification
Koha item type Krásna literatúra pre dospelých
Suppress in OPAC No
Holdings
Stav vyradenia Strata Poškodenie Spôsob nadobudnutia Domovská knižnica Aktuálna knižnica Dátum nadobudnutia Total checkouts Čiarový kód exemplára Date last seen Typ exemplára Verejná poznámka
      Dar Obecná knižnica Horná Štubňa Obecná knižnica Horná Štubňa 07.02.2026   4736201114 07.02.2026 Krásna literatúra pre dospelých divadelná hra
Projekt je podporený Slovenskou asociáciou knižníc
Prevádzkuje Turčianska knižnica Martin 2026